DESIGN AND DEVELOPMENT OF AN AUGER TYPE GROWBAG FILLING SYSTEM (Record no. 17595)
[ view plain ]
| 000 -LEADER | |
|---|---|
| fixed length control field | 00413nam a22001337a 4500 |
| 003 - CONTROL NUMBER IDENTIFIER | |
| control field | OSt |
| 082 ## - DEWEY DECIMAL CLASSIFICATION NUMBER | |
| Classification number | 630 |
| 088 ## - REPORT NUMBER | |
| Report number | P553 |
| 100 ## - MAIN ENTRY--AUTHOR NAME | |
| Personal name | THEERTHA, M. S |
| -- | VISNA, M. V |
| -- | CHETAN |
| -- | NIKHILESH, A |
| 245 ## - TITLE STATEMENT | |
| Title | DESIGN AND DEVELOPMENT OF AN AUGER TYPE GROWBAG FILLING SYSTEM |
| 260 ## - PUBLICATION, DISTRIBUTION, ETC. (IMPRINT) | |
| Place of publication | Thavanur |
| Year of publication | 2022 |
| 700 ## - ADDED ENTRY--PERSONAL NAME | |
| Personal name | Dr Jayan P.R |
| 942 ## - ADDED ENTRY ELEMENTS (KOHA) | |
| Koha item type | Project Report |
| 260 ## - PUBLICATION, DISTRIBUTION, ETC. (IMPRINT) | |
| -- | Kelappaji College of Agricultural Engineering and Technology |
| Collection code | Home library | Current library | Shelving location | Full call number | Accession Number | Koha item type |
|---|---|---|---|---|---|---|
| Reference | KAUAET | KAUAET | Reference | 630 | P553 | Project Report |
